<?xml version="1.0" encoding="UTF-8"?>
<record
    xmlns:xsi="http://www.w3.org/2001/XMLSchema-instance"
    xsi:schemaLocation="http://www.loc.gov/MARC21/slim http://www.loc.gov/standards/marcxml/schema/MARC21slim.xsd"
    xmlns="http://www.loc.gov/MARC21/slim">

  <leader>00719cam a22002173a 4500</leader>
  <controlfield tag="001">40139</controlfield>
  <controlfield tag="003">PGUSA</controlfield>
  <controlfield tag="005">20140828083908.0</controlfield>
  <controlfield tag="008">120704s2012||||xxu|||||s|||||000 | eng d</controlfield>
  <datafield tag="040" ind1=" " ind2=" ">
    <subfield code="a">PGUSA</subfield>
    <subfield code="b">eng</subfield>
  </datafield>
  <datafield tag="042" ind1=" " ind2=" ">
    <subfield code="a">dc</subfield>
  </datafield>
  <datafield tag="100" ind1="1" ind2=" ">
    <subfield code="a">Vrokinis, Lavrentios,</subfield>
    <subfield code="d">1850-1911</subfield>
  </datafield>
  <datafield tag="245" ind1="1" ind2="0">
    <subfield code="a">&#x3A3;&#x3CD;&#x3BD;&#x3C4;&#x3BF;&#x3BC;&#x3BF;&#x3C2; &#x3B1;&#x3C6;&#x3AE;&#x3B3;&#x3B7;&#x3C3;&#x3B9;&#x3C2; &#x3C4;&#x3BF;&#x3C5; &#x3B2;&#x3AF;&#x3BF;&#x3C5; &#x3C4;&#x3BF;&#x3C5; &#x399;&#x3C9;&#x3AC;&#x3BD;&#x3BD;&#x3BF;&#x3C5; &#x39A;&#x3B1;&#x3C0;&#x3BF;&#x3B4;&#x3B9;&#x3C3;&#x3C4;&#x3C1;&#x3AF;&#x3BF;&#x3C5;</subfield>
    <subfield code="h">[electronic resource] /</subfield>
    <subfield code="c">Lavrentios Vrokinis</subfield>
  </datafield>
  <datafield tag="260" ind1=" " ind2=" ">
    <subfield code="b">Project Gutenberg,</subfield>
    <subfield code="c">2012</subfield>
  </datafield>
  <datafield tag="506" ind1=" " ind2=" ">
    <subfield code="a">Public domain in the USA.</subfield>
  </datafield>
  <datafield tag="516" ind1=" " ind2=" ">
    <subfield code="a">Electronic text</subfield>
  </datafield>
  <datafield tag="653" ind1=" " ind2=" ">
    <subfield code="a">Kapodistrias, I&#x14D;ann&#x113;s Ant&#x14D;niou, 1776-1831</subfield>
  </datafield>
  <datafield tag="830" ind1=" " ind2="0">
    <subfield code="a">Project Gutenberg</subfield>
    <subfield code="v">40139</subfield>
  </datafield>
  <datafield tag="856" ind1="4" ind2="0">
    <subfield code="u">http://www.gutenberg.org/ebooks/40139</subfield>
  </datafield>
  <datafield tag="942" ind1=" " ind2=" ">
    <subfield code="c">EB</subfield>
  </datafield>
  <datafield tag="999" ind1=" " ind2=" ">
    <subfield code="c">269392</subfield>
    <subfield code="d">269392</subfield>
  </datafield>
  <datafield tag="952" ind1=" " ind2=" ">
    <subfield code="0">0</subfield>
    <subfield code="1">0</subfield>
    <subfield code="4">0</subfield>
    <subfield code="a">GTB</subfield>
    <subfield code="b">GTB</subfield>
    <subfield code="d">2014-08-28</subfield>
    <subfield code="l">0</subfield>
    <subfield code="r">2014-08-28 00:00:00</subfield>
    <subfield code="w">2014-08-28</subfield>
    <subfield code="y">EB</subfield>
  </datafield>
</record>
